MARC details
| 000 -CABECERA |
| campo de control de longitud fija |
02234nam a22002897a 4500 |
| 003 - IDENTIFICADOR DEL NÚMERO DE CONTROL |
| campo de control |
OSt |
| 005 - FECHA Y HORA DE LA ÚLTIMA TRANSACCIÓN |
| campo de control |
20260512153842.0 |
| 008 - DATOS DE LONGITUD FIJA--INFORMACIÓN GENERAL |
| campo de control de longitud fija |
251023b |||||||| |||| 00| 0 eng d |
| 022 ## - NÚMERO INTERNACIONAL NORMALIZADO PARA PUBLICACIONES SERIADAS |
| Número Internacional Normalizado para Publicaciones Seriadas |
0022-2380 |
| 040 ## - FUENTE DE LA CATALOGACIÓN |
| Centro catalogador/agencia de origen |
English |
| Centro/agencia transcriptor |
tbs |
| 041 ## - CÓDIGO DE LENGUA |
| Código de lengua del texto/banda sonora o título independiente |
English |
| 100 ## - ENTRADA PRINCIPAL--NOMBRE DE PERSONA |
| Nombre de persona |
Hond, Frank |
| 9 (RLIN) |
26433 |
| 245 ## - MENCIÓN DE TÍTULO |
| Título |
Playing on Two Chessboards |
| Resto del título |
: Reputation Effects between Corporate Social Responsibility ( CSR) and Corporate Political Activity ( CPA) |
| Mención de responsabilidad, etc. |
/ Nicolas M. Dahan, Michael Hadani and Douglas A. Schuler |
| 260 ## - PUBLICACIÓN, DISTRIBUCIÓN, ETC. |
| Nombre del editor, distribuidor, etc. |
Journal of Management Studies (John Wiley & Sons, Inc.) |
| Fecha de publicación, distribución, etc. |
2014 |
| 362 ## - FECHAS DE PUBLICACIÓN Y/O DESIGNACIÓN SECUENCIAL |
| Fecha de publicación y/o designación secuencial |
Journal of Management Studies (John Wiley & Sons, Inc.). Jul2014, Vol. 51 Issue 5, p790-813. 24p. 1 Diagram. |
| 520 ## - SUMARIO, ETC. |
| Sumario, etc. |
It has recently been argued that corporate social responsibility ( CSR) is 'political'. It has been neglected however, that firms also operate politically in a traditional sense, in seeking to secure favourable political conditions for their businesses. We argue that there are potential synergies between CSR and corporate political activity ( CPA) that are often overlooked by firms and that recognition of these synergies will stimulate firms to align their CSR and CPA. We develop a conceptual model that specifies how various configurations of a firm's CSR and CPA - alignment, misalignment, and non-alignment - affect the firm's reputation beyond the separate reputation effects of CSR and CPA. This model has important implications for understanding how and why firms should pay attention to their CPA and CSR configurations, and thereby contributes to the broader issue of why firms should make sure that they are consistent in terms of responding to stakeholder concerns. |
| 653 ## - TÉRMINO DE INDIZACIÓN--NO CONTROLADO |
| Término no controlado |
Corporate political activity |
| 653 ## - TÉRMINO DE INDIZACIÓN--NO CONTROLADO |
| Término no controlado |
Social responsibility of business |
| 653 ## - TÉRMINO DE INDIZACIÓN--NO CONTROLADO |
| Término no controlado |
Investor relations (Corporations) |
| 653 ## - TÉRMINO DE INDIZACIÓN--NO CONTROLADO |
| Término no controlado |
Reputation |
| 653 ## - TÉRMINO DE INDIZACIÓN--NO CONTROLADO |
| Término no controlado |
Corporate public relations |
| 700 ## - ENTRADA AGREGADA--NOMBRE PERSONAL |
| Nombre de persona |
Rehbein, Kathleen A. |
| 9 (RLIN) |
26434 |
| 700 ## - ENTRADA AGREGADA--NOMBRE PERSONAL |
| Nombre de persona |
Bakker, Frank G. A. |
| 9 (RLIN) |
26435 |
| 700 ## - ENTRADA AGREGADA--NOMBRE PERSONAL |
| Nombre de persona |
Lankveld, Hilde Kooijmans‐van |
| 9 (RLIN) |
26436 |
| 856 ## - LOCALIZACIÓN Y ACCESO ELECTRÓNICOS |
| Identificador Uniforme del Recurso |
<a href="https://bibliotheque.tbs-education.fr/Default/doc/bth/96667276/playing-on-two-chessboards-reputation-effects-between-corporate-social-responsibility-csr-and-corpor">https://bibliotheque.tbs-education.fr/Default/doc/bth/96667276/playing-on-two-chessboards-reputation-effects-between-corporate-social-responsibility-csr-and-corpor</a> |
| 942 ## - ELEMENTOS DE ENTRADA AGREGADA (KOHA) |
| Fuente del sistema de clasificación o colocación |
Clasificación de Library of Congress |